000 01072nam a2200253Ia 4500
999 _c52630
_d52630
001 19654
003 GE_BSU
005 20200313181013.0
008 181216s1958||||ge |||||||||||||| ||geo||
040 _cGE_BSU
041 _ageo
080 _a003(09) ძ-63
100 _aძიძიგური, შოთა
_97695
245 _aდამწერლობის წარმოშობა და განვითარება /
_cშოთა ძიძიგური ; რედ. ზ. ჭუმბურიძე
264 _aთბილისი :
_bკომუნისტი,
_c1958
300 _a35 გვ. :
_bილ. ;
_c21 სმ.
490 _v(სერია 6)
504 _aსაქ. სსრ პოლიტ. და მეცნ. ცოდნის გამავრც. საზ-ბა
541 _h20თ.
653 _aდამწერლობა
653 _aდამწერლობის წარმოშობა
700 _aჭუმბურიძე, ზ.
_eრედაქტორი
_97722
942 _cBK
_2udc